书目信息 |
| 题名: |
技术创新扩散
|
|
| 作者: | 大连理工大学技术经济研究所武春友 , 武春友 , 戴大双 , 苏敬勤 著 | |
| 分册: | ||
| 出版信息: | 北京 化学工业出版社 1997.07 |
|
| 页数: | 218页 | |
| 开本: | 32开 | |
| 丛书名: | ||
| 单 册: | ||
| 中图分类: | F062.4 | |
| 科图分类: | ||
| 主题词: | 经济学--分支科学 | |
| 电子资源: | ||
| ISBN: | 7-5025-1878-9 | |
| 000 | 00733nam0 2200229 45 | |
| 001 | 0011201803 | |
| 005 | 20001120184724.2 | |
| 010 | @a7-5025-1878-9@d15.00元 | |
| 100 | @a20001120d1997 km y0chiy0120 ea | |
| 101 | 0 | @achi |
| 105 | @a z 000yy | |
| 200 | 1 | @a技术创新扩散@AJi Shu Chuang Xin Kuo San@f武春友,戴大双,苏敬勤著@Fwu chun you,dai da shuang,su jing qin zhu |
| 210 | @a北京@c化学工业出版社@d1997.07 | |
| 215 | @a218页@d32开 | |
| 606 | 0 | @a经济学@x分支科学 |
| 690 | @aF062.4@v3 | |
| 701 | 0 | @a大连理工大学技术经济研究所武春友@4著 |
| 701 | 0 | @a武春友@Awu chun you@4著 |
| 701 | 0 | @a戴大双@Adai da shuang@4著 |
| 701 | 0 | @a苏敬勤@Asu jing qin@4著 |
| 801 | @aCN@bPftUser@c20001120 | |
| 905 | @b415274-276@dF062.4@eW909@f3 | |
| 技术创新扩散/武春友,戴大双,苏敬勤著.-北京:化学工业出版社,1997.07 |
| 218页;32开 |
| ISBN 7-5025-1878-9:15.00元 |
| ● |
| 相关链接 |
|
|
|
正题名:技术创新扩散
索取号:F062.4/W909
 
预约/预借
| 序号 | 登录号 | 条形码 | 馆藏地/架位号 | 状态 | 备注 |
| 1 | 415274 | 204152745 | 社科库409/409社科库 65排1列5层/ [索取号:F062.4/W909] | 在馆 | |
| 2 | 415275 | 204152754 | 社科库409/409社科库 65排1列5层/ [索取号:F062.4/W909] | 在馆 | |
| 3 | 415276 | 204152763 | 社科库409/409社科库 65排1列5层/ [索取号:F062.4/W909] | 在馆 |